Language Quiz

Random Language Quiz

Connect the Word Bits II Quiz Stats

Quiz not verified by Sporcle

Challenge
Share
Tweet
Embed
Score 0/80 Timer 07:00
0 Plays Today
Clue & Bits Words % Correct
FearXenophobia
86.8%
OBIAXenophobia
86.8%
XENXenophobia
86.8%
OPHXenophobia
86.8%
AmphibianSalamander
83.1%
SALASalamander
83.1%
MASalamander
83.1%
NDERSalamander
83.1%
Car ModelHighlander
82.1%
HIGHighlander
82.1%
HLANDHighlander
82.1%
ERHighlander
82.1%
FruitPomegranate
79.1%
POMPomegranate
79.1%
EGRAPomegranate
79.1%
NATEPomegranate
79.1%
Bond FilmThunderball
78.5%
THThunderball
78.5%
RBALLThunderball
78.5%
UNDEThunderball
78.5%
EmotionAnticipation
76.2%
ANTAnticipation
76.2%
ICIPAAnticipation
76.2%
TIONAnticipation
76.2%
Best PictureCasablanca
74.2%
PlantRhododendron
74.2%
SABLACasablanca
74.2%
RHORhododendron
74.2%
DODENRhododendron
74.2%
DRONRhododendron
74.2%
CACasablanca
74.2%
NCACasablanca
74.2%
CountryLithuania
69.5%
LITLithuania
69.5%
HUANLithuania
69.5%
IALithuania
69.5%
German CityDusseldorf
66.6%
DUSDusseldorf
66.6%
SELDDusseldorf
66.6%
ORFDusseldorf
66.6%
Clue & Bits Words % Correct
CollegeDartmouth
65.6%
DADartmouth
65.6%
RTMODartmouth
65.6%
UTHDartmouth
65.6%
MLB TeamCardinals
63.6%
CARCardinals
63.6%
DINCardinals
63.6%
ALSCardinals
63.6%
ProfessionPharmacist
62.9%
RMACPharmacist
62.9%
PHAPharmacist
62.9%
ISTPharmacist
62.9%
Greek GodDionysus
62.6%
DIODionysus
62.6%
NYDionysus
62.6%
SUSDionysus
62.6%
ElementMagnesium
55.3%
MAMagnesium
55.3%
GNESMagnesium
55.3%
IUMMagnesium
55.3%
Olympic SportBiathlon
52.3%
BIABiathlon
52.3%
THLBiathlon
52.3%
ONBiathlon
52.3%
Classic NovelMiddlemarch
51.7%
MIDMiddlemarch
51.7%
DLEMMiddlemarch
51.7%
ARCHMiddlemarch
51.7%
IllnessDiphtheria
48.3%
DIDiphtheria
48.3%
PHTHDiphtheria
48.3%
ERIADiphtheria
48.3%
PunctuationSemicolon
47%
SESemicolon
47%
MICOSemicolon
47%
LONSemicolon
47%
BirdParakeet
37.7%
PAParakeet
37.7%
RAKEParakeet
37.7%
ETParakeet
37.7%

You're not logged in!

Compare scores with friends on all Sporcle quizzes.
Join for Free
OR
Log In

You Might Also Like...

Show Comments

Extras

Top Quizzes Today


Score Distribution

Your Account Isn't Verified!

In order to create a playlist on Sporcle, you need to verify the email address you used during registration. Go to your Sporcle Settings to finish the process.

Report this User

Report this user for behavior that violates our Community Guidelines.

Details: